MARC

LEADER 00000nam0a2200000 4500
001 254762
005 20231101232950.0
010 |a 5835501579 
035 |a (RuTPU)RU\TPU\book\277251 
090 |a 254762 
100 |a 20140324d1989 k y0rusy50 ca 
101 0 |a rus 
102 |a KG 
105 |a a z 001zy 
200 1 |a Комплексообразование L-глутамината натрия с хлоридами железа, кобальта и меди и их каталитическая активность  |f З. Б. Бакасова, А. Кадыров  |g Академия наук Киргизской ССР (АН КиргССР), Институт органической химии (ИОХ) 
210 |a Фрунзе  |c Илим  |d 1989 
215 |a 120 с.  |c ил. 
320 |a Библиогр.: с. 104-120. 
320 |a Условные сокращения: с. 5. 
606 1 |a Комплексные соединения  |2 stltpush  |3 (RuTPU)RU\TPU\subj\15019  |9 41320 
606 1 |a Химические реакции, каталитические  |2 stltpush  |3 (RuTPU)RU\TPU\subj\70733  |9 84938 
610 1 |a перекись водорода 
610 1 |a разложение 
610 1 |a акваионы 
610 1 |a железо 
610 1 |a кобальт 
610 1 |a медь 
610 1 |a глутаминат натрия 
610 1 |a координационные соединения 
675 |a 546-386  |v 3 
675 |a 544.47  |v 3 
700 1 |a Бакасова  |b З. Б.  |g Зарыл Бакасовна 
701 1 |a Кадыров  |b А.  |g Абдырахман 
712 0 2 |a Академия наук Киргизской ССР (АН КиргССР)  |b Институт органической химии (ИОХ)  |2 stltpush  |3 (RuTPU)RU\TPU\col\12895 
801 1 |a RU  |b 63413507  |c 20140324 
801 2 |a RU  |b 63413507  |c 20151204  |g RCR 
942 |c BK